000 00659nam a2200241 a 4500
001 BRL_598
005 20190320210821.0
008 090913s1992----mx-a######---#000-0#spa-#
020 _a9686434062
041 _aspa
044 _amx
050 4 _aF1435
_b.L676 1992
100 1 _aDe la Garza, Mercedes
_924395
245 1 0 _aLos Mayas 3000 años de civilización
_cMercedes de la Garza
260 _aMéxico, D.F.
_bMonclem Ediciones
_c1992
300 _a127 p.
_bil.
_c26 cm.
500 _aAu2111
650 1 4 _aMayas
_xCivilización
_924396
650 1 4 _aMayas
_xAntigüedades
_99555
651 4 _aMayas
_xHistoria
_924397
902 _aGRL
942 _2lcc
_cB
999 _c9410
_d9410